01069nas a2200265Ia 4500001001100000003000900011008004100020040001300061040001300074041001300087100004200100210001700142222001700159240010300176245012000279250001100399260004600410501008600456300001900542362003700561500012000598650003600718700002000754700002900774R020/B1018IT-RoPAU151124c99999999xx |||||||||||| ||und|| aIT-RoPAU cIT-RoPAU aITALIANO aJacob LiviogCodice Aut. SPICS: 21430 aGRIFFITHIANA aGriffithiana aNIGHT I SAW TRAFFIC IN SOULS (THE)-AN INTERVIEW WITH DAVID SHEPARDgCodice Tit. Orig. Spics: B1043 aGRIFFITHIANA, ANNO 13-N.38/39 (OTTOBRE 1990)bPrima Volta Che Vidi Traffic In Souls (La)-Intervista A David Shepard a1a ed. aGEMONA (UDINE)bCINETECA DEL FRIULIc1990 bPaulus - SPICS - Società San Paolo EM (non-commercial uses only)cCopyright2015 a8 p. [219-226] aANNO 013, N.38/39 (OTTOBRE 1990) aIntervista Sulla Casa Cinematografica Blackhawk Films una Delle Fonti piùImportanti per i Collezionisti Italiani. aCINEMAvPUBBLICAZIONE PERIODICA aMerritt Russell gCodice Aut. SPICS: 6929